The garuda purana / (Record no. 155713)

MARC details
000 -LEADER
fixed length control field 00405nam a22001457a 4500
010 ## - LCCN (DPL NO)
LC control number A-542048
035 ## - SYSTEM CONTROL NUMBER
System control number A-542048
037 ## - SOURCE OF ACQUISITION
Source of stock number/acquisition BPPD/PUB
100 ## - MAIN ENTRY--PERSONAL NAME
Personal name Debroy, Dipavali
245 ## - TITLE STATEMENT
Title The garuda purana /
Statement of responsibility, etc by Dipavali Debroy, Bibek Debroy
260 ## - PUBLICATION, DISTRIBUTION, ETC. (IMPRINT)
Place of publication, distribution, etc New delhi
Name of publisher, distributor, etc Books for all
Date of publication, distribution, etc 2008
300 ## - PHYSICAL DESCRIPTION
Extent 99p.
Dimensions 18cm(Hb)
700 ## - ADDED ENTRY--PERSONAL NAME
Personal name Debroy Bibek
942 ## - ADDED ENTRY ELEMENTS (KOHA)
Source of classification or shelving scheme Dewey Decimal Classification
Item type English Books
Classification part 230.22
Call number suffix DEB
Holdings
Withdrawn status Lost status Not for loan Collection code Home library Current library Date acquired Source of acquisition Cost, normal purchase price Full call number Barcode Cost, replacement price Koha item type
      Non-fiction Shahdara Branch Shahdara Branch 09/08/2018 BPPD/PUB 0.00 230.22 DEB A-542048 0.00 English Books

© Delhi Public Library
Hit Counter
free hit counter